अभिरचिता / (Record no. 35089)

MARC details
000 -LEADER
fixed length control field 01031nam a22002417a 4500
005 - DATE AND TIME OF LATEST TRANSACTION
control field 20100406115843.0
008 - FIXED-LENGTH DATA ELEMENTS--GENERAL INFORMATION
fixed length control field 100406t xxu||||| |||| 00| 0 hin d
010 ## - LCCN (DPL NO)
LC control number HN-89112
020 ## - INTERNATIONAL STANDARD BOOK NUMBER
International Standard Book Number 9788177111866
Terms of availability 150.00
035 ## - SYSTEM CONTROL NUMBER
System control number HN-61458
037 ## - SOURCE OF ACQUISITION
Source of stock number/acquisition DBAD / PUB
040 ## - CATALOGING SOURCE
Original cataloging agency DPL
Language of cataloging HN
082 ## - DEWEY DECIMAL CLASSIFICATION NUMBER
Classification number 821
100 ## - MAIN ENTRY--PERSONAL NAME
Personal name भावसार वीरबाला
9 (RLIN) 17343
245 ## - TITLE STATEMENT
Title अभिरचिता /
Statement of responsibility, etc वीरबाला भावसार
246 ## - VARYING FORM OF TITLE
Title proper/short title Abhirachita /
Remainder of title by Veerbala Bhavsar
260 ## - PUBLICATION, DISTRIBUTION, ETC. (IMPRINT)
Place of publication, distribution, etc जयपुर
Name of publisher, distributor, etc साहित्यागार
Date of publication, distribution, etc 2009
270 ## - ADDRESS
Address धामाणी मार्केट की गली, चौड़ा रास्ता
City जयपुर
300 ## - PHYSICAL DESCRIPTION
Extent 127पृ
Dimensions 22सेमी (सजिल्द)
650 ## - SUBJECT ADDED ENTRY--TOPICAL TERM
Topical term or geographic name as entry element हिन्दी कविताएँ
9 (RLIN) 17344
942 ## - ADDED ENTRY ELEMENTS (KOHA)
Source of classification or shelving scheme Dewey Decimal Classification
Item type Hindi Books
Classification part 821
Call number suffix भावसा
Holdings
Withdrawn status Lost status Source of classification or shelving scheme Damaged status Not for loan Collection code Home library Current library Date acquired Source of acquisition Cost, normal purchase price Total Checkouts Full call number Barcode Date last seen Copy number Cost, replacement price Koha item type
    Dewey Decimal Classification   Not For Loan Non-fiction D.B.Act.Division D.B.Act.Division 06/04/2010 DBAD / PUB 150.00   821 भावसा HN-61458 06/04/2010 1 150.00 Hindi Books

© Delhi Public Library
Hit Counter
free hit counter